[Event "Benidorm op-A"]
[Site "Benidorm"]
[Date "2022.12.07"]
[Round "5"]
[White "Vignesh, B."]
[Black "Chernikov, Vladimir"]
[Result "1/2-1/2"]
[WhiteElo "2032"]
[BlackElo "2211"]
[PlyCount "80"]
[EventDate "2022.12.03"]
[EventType "swiss"]
[EventRounds "9"]
[EventCountry "ESP"]
[SourceTitle "CBM 211 Extra"]
[Source "ChessBase"]
[SourceDate "2023.01.31"]
[SourceVersion "1"]
[SourceVersionDate "2023.01.31"]
[SourceQuality "1"]

1. Nf3 d5 2. b3 c5 3. Bb2 f6 4. e3 e5 5. d4 cxd4 6. exd4 e4 7. Nfd2 f5 8. c4 Nf6 9. Nc3 Be6 10. cxd5 Nxd5 11. Bc4 Bb4 12. Nxd5 Bxd5 13. a3 Be7 14. Nf1 0-0 15. Ne3 Bf7 16. f4 Bf6 17. Qd2 Qd7 18. d5 Bxb2 19. Qxb2 b5 20. Be2 g6 21. g4 Qd6 22. Rf1 Qb6 23. Qd2 Qf6 24. Rc1 Nd7 25. g5 Qd6 26. Rc6 Qxa3 27. Kf2 Nb6 28. h4 Qxb3 29. h5 Rad8 30. hxg6 Bxg6 31. d6 Be8 32. Rc7 Qe6 33. Rd1 Rf7 34. Rxf7 Qxf7 35. Qa5 Qe6 36. Bxb5 Bxb5 37. Qxb5 Rxd6 38. Rxd6 Qxd6 39. Qe8+ Qf8 40. Qe5 Nd7 1/2-1/2

[Event "Benidorm op-A"]
[Site "Benidorm"]
[Date "2022.12.06"]
[Round "4"]
[White "Grabuzova, Tatiana"]
[Black "Vignesh, B."]
[Result "1/2-1/2"]
[WhiteElo "2228"]
[BlackElo "2032"]
[PlyCount "60"]
[EventDate "2022.12.03"]
[EventType "swiss"]
[EventRounds "9"]
[EventCountry "ESP"]
[SourceTitle "CBM 211 Extra"]
[Source "ChessBase"]
[SourceDate "2023.01.31"]
[SourceVersion "1"]
[SourceVersionDate "2023.01.31"]
[SourceQuality "1"]

1. d4 Nf6 2. c4 c5 3. d5 b5 4. cxb5 a6 5. e3 e6 6. Nc3 Bb7 7. e4 axb5 8. Bxb5 Qb6 9. Qb3 Nxe4 10. Nxe4 Bxd5 11. Qd3 c4 12. Bxc4 Qb4+ 13. Bd2 Qxc4 14. Qxc4 Bxc4 15. Rc1 d5 16. a3 Nc6 17. Bf4 Kd7 18. Nd2 Ba6 19. Ngf3 f6 20. Be3 e5 21. Bc5 e4 22. Nd4 Ne5 23. N2b3 Nd3+ 24. Kd2 Nxc1 25. Rxc1 Bc4 26. Kc3 Rc8 27. Kb4 Bd6 28. Nb5 Bxb5 29. Kxb5 Rb8+ 30. Bb6 Rxb6+ 1/2-1/2